Beliebteste Sportarten in Deutschland - Statistiken

Allgemein
  • Dieses Quiz wurde 2.974 mal gespielt
  • Das Durchschnittsergebnis liegt bei 5 aus 10
Antwortstatistiken
Prozentanteil der Befragten Sportarten % Korrekt
30% Fußball
100%
11,3% Handball
88%
8,7% Tennis
75%
8,4% Schwimmen
61%
11,6% Leichtathletik
56%
9,0% Boxen
24%
10,6% Motorsport
21%
11,6% Biathlon
18%
13,3% Skispringen
18%
9,2% Ski-Alpin
9%
Keine übereinstimmenden Quizze gefunden
Verteilung der Resultate
Anzahl Personen mit jedem Resultat
Perzentil nach korrekt beantworteten Fragen
Ihre Resultats-Entwicklung
Sie haben dieses Quiz noch nicht gespielt